| 000 | 00816nam a22001817a 4500 | ||
|---|---|---|---|
| 005 | 20120204101359.0 | ||
| 020 |
_c100.00 _a |
||
| 035 | _aB-28275 | ||
| 037 |
_b _adpl |
||
| 082 | _a070.195 | ||
| 100 |
_aचड्ढा, सविता _940764 |
||
| 245 | 1 |
_aहिन्दी पत्रकारिता दूरदर्शन और टेलीफिल्में / _cसविता चड्ढा |
|
| 260 |
_aदिल्ली _bराजसूर्य प्रकाशन _c2000 |
||
| 270 |
_a _b _e _k |
||
| 300 |
_a96पृ. _c22सेमी (सजिल्द) |
||
| 942 |
_adpl _cHN _k _2ddc _h070.195 _mचड्ढा |
||
| 999 |
_c61940 _d61940 |
||